00863nam a22002177a 450000100060000000300080000600500170001400800410003103500190007204000350009104100080012608200300013410000250016424501660018926000720035530000360042750200780046350400330054165000270057470000440060181276BD-RjUL20230304163558.0230304s2021 bg a|||| m||| 00| 0 eng d a(BD-RjUL)81276 aBD-RjULbengcBD-RjULdBD-RjUL aeng 223a155.9355492bJOS 2021 aJoarder, Tarun Kumar10aStress, coping and hope of the inhabitants of disaster prone areas In Bangladesh /cSubmitted By Tarun, Kumar Joarder, ;6Supervisor : Md. Mozibul Huq Azad, Khan aRajshahi :bDepartment of Psychology, University of Rajshahi,c2021 ax, 160 leaves :bill, ;c29.cm. aThesis (Ph. D.) -- Department of Psychology, University of Rajshahi, 2021 aReferences : Leaves 107- 130 aDisasterszBangladesh  aKhan, Md. Mozibul Huq Azad, Supervisor